书目信息 |
| 题名: |
儒学·佛学·玄学
|
|
| 作者: | 汤用彤 编 | |
| 分册: | ||
| 出版信息: | 南京 江苏文艺出版社 2009.03 |
|
| 页数: | 314页 | |
| 开本: | 23cm | |
| 丛书名: | 北斗丛书 | |
| 单 册: | ||
| 中图分类: | B222.05 , B948 , B235.05 | |
| 科图分类: | ||
| 主题词: | 儒家--ru jia--研究 , 佛教--fo jiao--研究 , 玄学--xuan xue--研究 | |
| 电子资源: | ||
| ISBN: | 978-7-5399-3102-9 | |
| 000 | 00954nam 2200301 450 | |
| 001 | 012009162764 | |
| 005 | 20091128100333.65 | |
| 010 | @a978-7-5399-3102-9@dCNY28.00 | |
| 100 | @a20091128d2009 em y0chiy0120 ea | |
| 101 | 0 | @achi |
| 102 | @aCN@b320000 | |
| 105 | @ay z 000yy | |
| 106 | @ar | |
| 200 | 1 | @a儒学·佛学·玄学@Aru xue·fo xue·xuan xue@f汤用彤@Ftang yong tong |
| 210 | @a南京@c江苏文艺出版社@d2009.03 | |
| 215 | @a314页@d23cm | |
| 225 | 2 | @a北斗丛书@Abei dou cong shu |
| 330 | @a本书主要内容:论“格义”——最早一种融合印度佛教和中国思想的方法,释道安时代之般若学述略,与胡适先生关于中国佛教史的通信等。 | |
| 410 | 0 | @12001 @a北斗丛书 |
| 606 | 0 | @a儒家@Aru jia@x研究 |
| 606 | 0 | @a佛教@Afo jiao@x研究 |
| 606 | 0 | @a玄学@Axuan xue@x研究 |
| 690 | @aB222.05@v4 | |
| 690 | @aB948@v4 | |
| 690 | @aB235.05@v4 | |
| 701 | 0 | @a汤用彤@Atang yong tong@4编 |
| 801 | 0 | @aCN@bQSSK@c20091128 |
| 905 | @b767030-32@dB222.05@eT226@f3 | |
| 儒学·佛学·玄学/汤用彤.-南京:江苏文艺出版社,2009.03 |
| 314页;23cm.-(北斗丛书) |
| ISBN 978-7-5399-3102-9:CNY28.00 |
| 本书主要内容:论“格义”——最早一种融合印度佛教和中国思想的方法,释道安时代之般若学述略,与胡适先生关于中国佛教史的通信等。 |
| ● |
| 相关链接 |
|
|
|
正题名:儒学·佛学·玄学
索取号:B222.05/T226
 
预约/预借
| 序号 | 登录号 | 条形码 | 馆藏地/架位号 | 状态 | 备注 |
| 1 | 767030 | 207670304 | 社科库509/509社科库 10排2列2层/ [索取号:B222.05/T226] | 在馆 | |
| 2 | 767031 | 207670313 | 社科库509/509社科库 10排2列2层/ [索取号:B222.05/T226] | 在馆 | |
| 3 | 767032 | 207670322 | 社科库509/509社科库 10排2列2层/ [索取号:B222.05/T226] | 在馆 |